| 000 | 00747nam a22002057a 4500 | ||
|---|---|---|---|
| 999 |
_c9029 _d9029 |
||
| 003 | AR-CdUCM | ||
| 008 | 190327b ||||| |||| 00| 0 spa d | ||
| 020 | _a978-612-45308-0-7 | ||
| 040 |
_aMUNICIPALIDAD PROVINCIAL DEL CUSCO _cBIBLIOTECA MUNICIPAL DEL CUSCO |
||
| 082 |
_22ed _a190 / _bAC168 |
||
| 245 | _aComo superar los problemas psicosomáticos por sí mismo / | ||
| 260 |
_aPerú : _bMercedes Group, _c2009. |
||
| 300 |
_a99 páginas ; _c21 cm. |
||
| 505 | _aContenido: La cuestión Causa-Efecto -- La cuestión natural -- Indagación de nuestras facultades esenciales -- Conocimiento de si mismo... | ||
| 650 |
_aFilosofia _9395 |
||
| 650 |
_aArgentina _9511 |
||
| 650 |
_aMundo espitirual _924983 |
||
| 942 |
_2ddc _cLIBROS |
||
| 945 | _adavv | ||